00354nam a2200133Ia 4500003000400000008004100004040001600045082001600061100002100077245004600098260004700144300000900191650002000200GCL140319s9999 xx 000 0 eng d aGCL / cGCL04a069.44bP M1 aPOISSON, GEORGES10aLES MUSEES DE FRANCE / cPOISSON, GEORGES a[S.N] : bPREESES UNIVERSITAIRES ، c1950 a58 P04aFRANCE - MUSEUM